Logo BPK

Bibliografia Prac Pracowników

Politechniki Koszalińskiej

Plan koordynacji przestrzennej inwestycji w m. Koszalinie na lata 1968-1975 / (Rekord nr 7489)

Szczegóły MARC
000 -ETYKIETA REKORDU
podpole kontrolne o stałej długości 00708nab a22001937a 4500
003 - IDENTYFIKATOR NUMERU KONTROLNEGO REKORDU
podpole kontrolne BPK
005 - DATA OSTATNIEJ MODYFIKACJI REKORDU
podpole kontrolne 20160308091159.0
008 - POLE O STAŁEJ DŁUGOŚCI - DANE KONTROLNE
podpole kontrolne o stałej długości 160308b1970 pl ||||| |||| 00| ||pol
040 ## - ŹRÓDŁO KATALOGOWANIA
Instytucja, która utworzyła rekord BPK
080 ## - UNIWERSALNA KLASYFIKACJA DZIESIĘTNA - UKD
UKD 69
100 ## - NAZWA OSOBOWA
Nazwa osobowa BIELAK, Janusz.
Lata pracy 1969 - 1996.
Instytucja Wyższa Szkoła Inżynierska w Koszalinie - Wydział Budownictwa Lądowego,
Wydział Zespół Organizacji i Ekonomiki Budownictwa
245 ## - TYTUŁ/ODPOWIEDZIALNOŚĆ
Tytuł Plan koordynacji przestrzennej inwestycji w m. Koszalinie na lata 1968-1975 /
Pozostałe elementy strefy tytułu i oznaczenia odpowiedzialności Janusz Bielak.
260 ## - STREFA ADRESU WYDAWNICZEGO
Data publikacji, dystrybucji/powstania dokumentu 1970.
500 ## - UWAGI OGÓLNE
Tekst uwagi Dane z kartoteki bpp.
650 #0 - HASŁO PRZEDMIOTOWE W FORMIE NAZWY OGÓLNEJ LUB JEDNOSTKOWEJ
Nazwa ogólna lub geograficzna Budownictwo - inwestycje.
650 #0 - HASŁO PRZEDMIOTOWE W FORMIE NAZWY OGÓLNEJ LUB JEDNOSTKOWEJ
Nazwa ogólna lub geograficzna Planowanie przestrzenne.
773 ## - TYTUŁ DOKUMENTU MACIERZYSTEGO
Wyrażenie wprowadzające W :
Tytuł Miasto. -
Informacje dotyczące relacji 1970, nr 1, s. 1-13
942 ## - HASŁO DODATKOWE - ELEMENTY(KOHA)
Typ dokumentu Artykuł
Schemat klasyfikacji Uniwersalna klasyfikacja dziesiętna

Brak dostępnych egzemplarzy.

© 2014 Biblioteka Politechniki Koszalińskiej :: BIBLIOGRAFIA PRAC PRACOWNIKÓW